000 00597nam a22001577a 4500
003 NUST
082 _a610
100 _a SHAH, SUNDAS
_9122265
245 _aSYNTHESIS AND CHARACTERIZATION OF 5 FLUROURACIL CONJUGATED ZINCOXIDE NANOPARTICLES AND THEIR THERAPEUTIC APPLICATIONS AGAINST SKIN CANCER CELL LINES /
_cSUNDAS SHAH
264 _aIslamabad:
_bSMME- NUST.
_c2020.
300 _bSoft Copy,
_c30cm.
650 _aMS Biomedical Sciences (BMS)
700 _aSupervised : Dr. Adeeb Shehzad
_9122266
856 _u http://10.250.8.41:8080/xmlui/handle/123456789/35489
942 _2ddc
_cTHE
999 _c608773
_d608773